The United States and the rule of law in international affairs
Αποθηκεύτηκε σε:
| Κύριος συγγραφέας: | |
|---|---|
| Μορφή: | Βιβλίο |
| Γλώσσα: | English |
| Δημοσίευση: |
[Cambridge; New York] :
Cambridge University Press,
[c2004]
|
| Θέματα: | |
| Ετικέτες: |
Προσθήκη ετικέτας
Δεν υπάρχουν, Καταχωρήστε ετικέτα πρώτοι!
|
MARC
| LEADER | 00000nam a2200000 i 4500 | ||
|---|---|---|---|
| 001 | 1/34172 | ||
| 008 | 060911s2004 eng d | ||
| 020 | |a 0-521-52968-9 (pbk.) | ||
| 035 | |l 10085147 | ||
| 040 | |a GR-MY-UA |b gre |e aacr | ||
| 041 | 0 | |a eng | |
| 082 | 0 | |a 341.0973 |2 (22) | |
| 100 | 1 | |a Murphy, John Francis |d 1937- | |
| 245 | 1 | 4 | |a The United States and the rule of law in international affairs / |c John F. Murphy |
| 260 | |a [Cambridge; New York] : |b Cambridge University Press, |c [c2004] | ||
| 300 | |a ix, 367 σ.; |c 24 εκ. | ||
| 504 | |a Περιλαμβάνει βιβλιογραφικές αναφορές και ευρετήριο | ||
| 650 | 0 | 0 | |a International law |z United States. |
| 650 | 0 | 0 | |a Rule of law. |
| 650 | 0 | 0 | |a Equality of states. |
| 651 | 0 | |a United States |x Foreign relations. | |
| 852 | |a INST |b RHODES |e 20060911 |h 341.0973 MUR |p 005400024308 |q 005400024308 |t BK |y 0 | ||
| 901 | |a BIBL4-2006-2 | ||
| 909 | |a Ρ |b 129091 | ||
| 920 | |a ΑΝΑΜΟΡΦΩΣΗ |b ΕΠΕΑΕΚ ΙΙ-ΤΜΣ |y ΡΟΔΟΣ |z 2006-07 | ||
| 970 | |a ΚΟΖΑ |b ΜΑΡΙΑ |z 2006/09/11 | ||